00820nas a2200229Ia 4500001001100000003000900011008004100020040001300061040001300074041001300087100004500100210002000145222002000165245006300185250001100248260002900259501008600288300001700374362003300391500013000424650003600554R012/62187IT-RoPAU151124c99999999xx |||||||||||| ||und|| aIT-RoPAU cIT-RoPAU aITALIANO aArtese AlbertogCodice Aut. SPICS: 21350 aCINEMA & CINEMA aCinema & Cinema aCINEMA & CINEMA, ANNO 14-N.49 (GIUGNO 1987)bCinema "Kiwi" a1a ed. aMILANObINTRAPRESAc1987 bPaulus - SPICS - Società San Paolo EM (non-commercial uses only)cCopyright2015 a3 p. [75-77] aANNO 014, N.49 (GIUGNO 1987) aRelazione Sul Festival di Cannes. Note Critiche Sul Cinema Neozelandese. Intervista a Barry Barclay Regista del Film "Ngati". aCINEMAvPUBBLICAZIONE PERIODICA